LEADER 02209nam a2200409 u 4500 001 000000019694 003 CaOOAMICUS 005 20101129113943.0 008 950125s1545 fr u001 u lat r 035 $a10474560 040 $aPUL(R)$bita 100 1 $aMaynier, Guillaume,$dc. 1425-1502.$0(OLS)http://pul/name/17274 245 10$aGulielmi Maynerii Doctoris in utroque iure ... Commentaria in titulum Pandectarum, De regulis iuris ... Cum indice rerum ac verborum locupletissimo. 246 37$aGulielmi Maynerii De regulis iuris 246 30$aCommentaria in titulum Pandectarum 246 30$aDe regulis iuris 260 $aLugduni :$bapud Antonium Vincentium,$c1545$e(Lugduni :$fsumptibus Antonii Vincentii Dionysius de Harsy excudebat,$g[1545]) 300 $a415, [31] c. :$aill. ;$cfol. (32 cm.) 500 $aMarca tipografica sul front. e in fine. 500 $aTesto su colonne. 500 $aIniziali xil. 500 $aSegnatura: a-z6 A-Z6 Aa-Yy6 Zz8 aa-ee6. 500 $aInclude indice. 500 $aVignetta xil. rappresentante l'autore a c. 3r. 662 $aFrancia$dLione.$0(OLS)http://pul/subject/34957 710 0 $aVincent, Antoine$4pbl.$0(OLS)http://pul/name/76715 710 0 $aHarsy, Denis de$4pbl.$0(OLS)http://pul/name/77816 850 $aPUL 852 $aPUL$W1$xDP1 Antico 500$y12$m206 E 15$j27623$nBK-PRI$qStampati Antico$B27623$CPULBib$Z2$F27623 $82 941 1 $a15 961 $aAutore e titolo dell'opera abbreviato sul taglio di piede.Precedente collocazione sul recto della carta di guardia anteriore: S-I-8.Ex libris sul front.: Sac. V. Todeschi.Stemma non identificato sul verso dell'ultima carta non numerata. 996 $6246$aGulielmi Maynerii De regulis iuris$9(OLS)http://pul/title/27868 996 $6245$aGulielmi Maynerii Doctoris in utroque iure ... Commentaria in titulum Pandectarum, De regulis iuris ... Cum indice rerum ac verborum locupletissimo$9(OLS)http://pul/title/27867 996 $6246$aDe regulis iuris$9(OLS)http://pul/title/18919 996 $6246$aCommentaria in titulum Pandectarum$9(OLS)http://pul/title/155689 996 $6260$aLugduni :$bapud Antonium Vincentium$9(OLS)http://pul/publisher/56236 LEADER 01381nam a2200313 u 4500 001 000000092091 003 CaOOAMICUS 005 20070226124912.0 008 060403s2005 it u000 u ita u 020 $a8876531599 035 $a11084481 040 $aPUL$bita 100 1 $aMartin, Aldo.$0(OLS)http://pul/name/59363 245 13$aLa tipologia adamica nella lettera agli Efesini /$cAldo Martin. 260 $aRoma :$bEditrice Pontificio Istituto Biblico,$c2005. 300 $a408 p. :$btav., prosp. ;$c24 cm 490 1 $aAnalecta biblica ;$v159 500 $aComprende indici. 504 $aBibliografia: p. [357]-378. 630 04$aBiblia$xCritica e interpretazione.$0(OLS)http://pul/subject/2023 830 0$aAnalecta biblica ;$v159.$0(OLS)http://pul/title/100 850 $aPUL 852 $aPUL$W1$xDP1 Tesi Pon. Ist. Biblico$y33$m2005 B 1$j94822$ac. 2$qTesi$B126632$CPULBib$Z2$F126632 $H103611 $82 852 $aPUL$W1$xSL Religione 1$y3$m10(4) A 159$j115883$nBK-PRI$b $qStampati$B115883$CPULBib$Z2$F115883 $HPUL100706 $81 941 1 $a8 941 1 $a16 996 $6020$a8876531599$9(OLS)http://pul/number/120839 996 $6245$aLa tipologia adamica nella lettera agli Efesini$9(OLS)http://pul/title/118865 996 $6260$aRoma :$bEditrice Pontificio Istituto Biblico$9(OLS)http://pul/publisher/48108